000
00318nam a2200133Ia 4500
005
20260328101455.0
008
260328s9999||||xx |||||||||||||| ||und||
100
_a
Dabner, David
245
0
_a
Hector Guimard /
_c
David Dabner
260
_b
Rizzoli
300
_a
112 p.
650
_a
ARQUITECTURA DOMESTICA
942
_c
BK
999
_c
8822
_d
8822